Statistiken für Lieblingsgetränke der Deutschen

Klicken Sie hier um das Quiz zu spielen!

Allgemein

  • Dieses Quiz wurde 574 mal gespielt
  • Das Durchschnittsergebnis liegt bei 11 aus 20

Antwortstatistiken

Getränke% Korrekt
Limonaden
94%
Mineralwasser
93%
Cola
92%
Fruchtsäfte
86%
Koffeeinhaltiger Kaffee
79%
Tee in Aufgussbeuteln
74%
Rotwein
55%
Weißwein / Rosé
55%
Weizenbier / Weißbier
52%
Sekt / Prosecco
50%
Pils / Export-Bier
48%
Kakao / Kakaogetränke (z.B. Ovomaltine)
47%
Magenbitter / Kräuterlikör
47%
Eistee
39%
Energydrinks
39%
Biermixgetränke
34%
Wodka
34%
Milchmix- und Joghurtgetränke
18%
Alkoholfreies Bier
12%
Bittergetränke (z.B. Tonic Water)
11%

Verteilung der Resultate

Perzentil nach korrekt beantworteten Fragen

Anzahl Personen mit jedem Resultat

Ihre Resultats-Entwicklung

Sie haben dieses Quiz noch nicht gespielt